000 006970000a22002170004500
003 LK-CoMWRAF
005 20231106170328.0
008 230817t2006 ||||| |||| 00| 0 eng d
020 _a1851683550
040 _aLK-CoMWRAF
_dLK-CoMWRAF
_eLK-CoMWRAF
041 _aeng
082 _a891.5511
_bAMI
100 _aAminrazavi, Mehdi
245 _aThe Wine of Wisdom:
_bthe life, poetry and philosophy of Omar Khayyam
260 _aOxford:
_bOneworld,
_c2005
300 _avi, 396 p. : ill. ; 24 cm.
_bBibliography and index included
650 _aKHAYYAM, OMAR
650 _aOmar Khayyam--Criticism and interpretation.
650 _aPersian poetry--747-1500--History and criticism.
942 _cBK
999 _c1106
_d1106